[Event "KSA SSS 15/16, Bustehrad B - Hostivice"]
[Site "ChessDB.cz"]
[Date "2016.01.24"]
[Round "-"]
[White "Kovac, Pavol"]
[Black "Dbaly, Vaclav"]
[Result "1-0"]
[WhiteElo "1594"]
[BlackElo "1750"]
1. e4 d6 2. d4 Nf6 3. Nc3 g6 4. Bc4 Bg7 5. Nf3 O-O 6. h3 c6 7. Be3 b5 8. Bd3 b4 9. Ne2 Nbd7 10. Qd2 Qb6 11. Bh6 a5 12. Bxg7 Kxg7 13. c4 Rb8 14. e5 Ne8 15. h4 h5 16. g4 Rh8 17. gxh5 Rxh5 18. Nf4 Rh6 19. h5 dxe5 20. dxe5 Nf8 21. O-O-O Bg4 22. hxg6 Rxh1 23. Rxh1 Bxf3 24. Ne6+ Kg8 25. gxf7+ Kxf7 26. Ng5+ Kg8 27. Nxf3 c5 28. Qg5+ Ng7 29. Rg1 Kf7 30. Qxg7+ Ke6 31. Qh6+ Kd7 32. Qxb6 Rxb6 33. Rg8 Rb8 34. Kd2 Rd8 35. Ke3 Ke6 36. Ng5+ Kd7 37. Nh7 Ne6 38. Rxd8+ Nxd8 39. Ng5 a4 40. Be4 e6 41. f4 Ke7 42. Kf3 Ke8 43. Kg4 Ke7 44. f5 exf5+ 45. Kxf5 a3 46. b3 Ke8 47. Bd5 Ke7 48. Ne4 Kf8 49. Nxc5 Ke7 50. Nd3 1-0

[Event "KSA SSS 15/16 Slany - Hostivice"]
[Site "ChessDB.cz"]
[Date "2015.11.22"]
[Round "-"]
[White "Bouda, Karel"]
[Black "Dbaly, Vaclav"]
[Result "0-1"]
[WhiteElo "1671"]
[BlackElo "1746"]
1. e4 d6 2. d4 Nf6 3. Nc3 g6 4. f4 Bg7 5. Nf3 O-O 6. Be3 c6 7. Qd2 d5 8. e5 Ng4 9. Bg1 f5 10. O-O-O a5 11. Kb1 b5 12. Ng5 e6 13. h3 Nh6 14. Bd3 a4 15. Be3 b4 16. Ne2 Qe7 17. Rdg1 Ba6 18. g4 Bxd3 19. Qxd3 Nd7 20. gxf5 Nxf5 21. h4 Rfb8 22. Nc1 Nf8 23. Bf2 b3 24. cxb3 axb3 25. Nxb3 Qa7 26. a3 Qb6 27. Kc2 Ra4 28. Rh3 Rc4+ 29. Kd1 Qb5 30. Rf3 Qa4 31. Ke1 Re8 32. Nc5 Qa5+ 33. b4 Qa7 34. Qd2 Bh6 35. h5 Bxg5 36. Rxg5 Re7 37. Qb2 Kf7 38. Rh3 Ke8 39. hxg6 hxg6 40. Rh8 Rh7 41. Rg8 Kf7 42. Rxf8+ Kxf8 43. Rxg6 Rh1+ 44. Ke2 Qh7 45. Rg5 Nxd4+ 46. Ke3 Rh3+ 47. Bg3 Rxg3+ 48. Rxg3 Nf5+ 49. Kf2 Nxg3 50. Kxg3 Qg6+ 51. Kf3 Rc2 52. Qb3 Qg2+ 53. Ke3 Rxc5 0-1

[Event "KSA SSS 15/16, Hostivice-Brodce"]
[Site "ChessDB.cz"]
[Date "2015.11.08"]
[Round "-"]
[White "Dbaly, Vaclav"]
[Black "Holub, Milan"]
[Result "0-1"]
[WhiteElo "1735"]
[BlackElo "2000"]
1. e4 Nf6 2. e5 Nd5 3. d4 d6 4. Nf3 Bg4 5. Be2 e6 6. c3 Be7 7. O-O O-O 8. Nbd2 Nf4 9. Re1 dxe5 10. dxe5 Nc6 11. Nf1 Qxd1 12. Bxd1 Nd3 13. Re3 Rad8 14. Bc2 Nxc1 15. Rxc1 Bxf3 16. Rxf3 Nxe5 17. Rh3 g6 18. Re1 Ng4 19. Rg3 Nf6 20. Ne3 Rd2 21. Rd1 Rfd8 22. Rxd2 Rxd2 23. Kf1 Bc5 24. Bb3 Rxb2 25. Nd1 Rd2 26. Ke1 Rd8 27. h3 Kg7 28. Ke2 Ba3 29. Rd3 Bd6 30. f3 Nh5 31. Rd4 Ng3+ 32. Ke1 Nf5 33. Rd3 Bg3+ 34. Ke2 Rxd3 35. Kxd3 Nh4 36. Ne3 Bf4 37. Nc4 Nxg2 38. Na5 b6 39. Nc6 a5 40. c4 Bd6 41. Ke4 Nf4 42. Ne5 Nxh3 43. Nd3 c5 44. Ke3 g5 45. Bd1 Bf4+ 46. Ke2 a4 47. Kf1 Bd6 48. Nb2 Nf4 49. Nxa4 Bc7 50. Nc3 h5 51. Ne2 Nd3 52. Kg2 h4 53. Ng1 Kf6 54. Nh3 Bg3 55. Be2 Nc1 56. Bd1 Nxa2 57. Nf2 Nc3 58. Bc2 Bxf2 59. Kxf2 0-1

[Event "KSA SSS 14/15, Zdice - Hostivice"]
[Site "ChessDB.cz"]
[Date "2015.03.29"]
[Round "-"]
[White "Dbaly, Vaclav"]
[Black "Vrecion, Jiri"]
[Result "0-1"]
[WhiteElo "1705"]
[BlackElo "1809"]
1. e4 e6 2. Nc3 d5 3. exd5 exd5 4. d4 c6 5. h3 Bd6 6. Nf3 Bf5 7. Bd3 Bg6 8. Bg5 f6 9. Bxg6+ hxg6 10. Be3 Ne7 11. Qd3 Qc7 12. O-O-O Nd7 13. Rhe1 O-O-O 14. Na4 b6 15. Kb1 Kb7 16. Qb3 Ka8 17. a3 g5 18. Nc3 Nf8 19. Na2 Nfg6 20. Nb4 Rd7 21. Rd3 a5 22. Na2 Nf5 23. c4 dxc4 24. Qxc4 Kb7 25. d5 Nxe3 26. fxe3 cxd5 27. Qxd5+ Qc6 28. Qxc6+ Kxc6 29. Nd4+ Kb7 30. Nf5 Rhd8 31. Red1 Kc7 32. Nc3 Bc5 33. Rxd7+ Rxd7 34. Rxd7+ Kxd7 35. Ne4 Bf8 36. Kc2 Ke6 37. g4 Ke5 38. Neg3 Nh4 39. Nxh4 gxh4 40. Nf5 Ke4 41. Nxh4 Kxe3 42. Kc3 g5 43. Nf5+ Kf2 44. b4 Kg2 45. h4 gxh4 46. Nxh4+ Kg3 47. Ng6 Bd6 48. Kc4 Kxg4 0-1

[Event "KSA SSS 14/15, Hostivice - Bustehrad"]
[Site "ChessDB.cz"]
[Date "2015.03.15"]
[Round "-"]
[White "Dbaly, Vaclav"]
[Black "Mleziva, Miloslav"]
[Result "1-0"]
[WhiteElo "1705"]
[BlackElo "1732"]
1. e4 e6 2. d4 d5 3. Nd2 Nf6 4. e5 Nfd7 5. Nb3 c5 6. c3 cxd4 7. cxd4 Be7 8. Nf3 O-O 9. Bd3 Nc6 10. a3 a5 11. Qc2 f5 12. h4 a4 13. Nbd2 Qb6 14. Qc3 Re8 15. Nf1 Nf8 16. h5 Na5 17. Be3 Nb3 18. Rd1 Bd7 19. Qc2 Rec8 20. Qb1 Rc7 21. N1d2 Rac8 22. Nxb3 axb3 23. Rh3 Bb5 24. Rg3 Be8 25. Rh3 Bb5 26. Bd2 Rc2 27. Bc3 Bxd3 28. Rxd3 Qb5 29. Nd2 Bg5 30. Rhg3 Bh6 31. Kd1 Nd7 32. Nxb3 Qxb3 33. Qxc2 Qa2 34. Ke2 Nb6 35. Rd1 Qc4+ 36. Qd3 Qb3 37. Bd2 Qxb2 38. Rb1 Qxd2+ 39. Qxd2 Bxd2 40. Rxb6 Bh6 41. Rd3 Rc7 42. Rxe6 Kf7 43. Rd6 1-0

[Event "KSA SSS 14/15, Hostivice-Kolesovice"]
[Site "ChessDB.cz"]
[Date "2015.02.08"]
[Round "-"]
[White "Bauer, Ondrej"]
[Black "Dbaly, Vaclav"]
[Result "0-1"]
[WhiteElo "1858"]
[BlackElo "1705"]
1. d4 d5 2. c4 c6 3. Nc3 Nf6 4. Nf3 Bf5 5. Bf4 e6 6. e3 Bb4 7. Qb3 Qa5 8. Be2 dxc4 9. Bxc4 b5 10. Be2 Nd5 11. O-O Bxc3 12. bxc3 Nxc3 13. Bd1 Bd3 14. Re1 Bc4 15. Qb2 Nd7 16. Bd6 Nxd1 17. Rexd1 Nf6 18. Ne5 Bd5 19. f3 Rd8 20. Bb4 Qa6 21. Rdc1 Nd7 22. Nxd7 Kxd7 23. e4 Bc4 24. d5 Qb6+ 25. Kh1 c5 26. dxe6+ fxe6 27. Qxg7+ Kc8 28. Ba3 Rhe8 29. Qe5 Qd6 30. Qxd6 Rxd6 31. Bxc5 Rd2 32. Bxa7 Rg8 33. g3 Kb7 34. a4 Be2 35. axb5 Bxf3+ 36. Kg1 Bxe4 37. Bf2 Rf8 38. Bc5 Rg2+ 39. Kh1 Rxg3# 0-1

[Event "KSA SSS 14/15, Brodce - Hostivice"]
[Site "ChessDB.cz"]
[Date "2015.01.25"]
[Round "-"]
[White "Dbaly, Vaclav"]
[Black "Frischmann, Otto"]
[Result "0-1"]
[WhiteElo "1705"]
[BlackElo "1759"]
1. e4 c5 2. Nf3 d6 3. d4 cxd4 4. Nxd4 Nf6 5. Nc3 a6 6. Be2 e6 7. O-O Be7 8. Be3 Qc7 9. f4 Nbd7 10. Bf3 Rb8 11. Qe1 b5 12. Rc1 Bb7 13. Qg3 O-O 14. f5 e5 15. Nde2 Rfd8 16. Bh6 Bf8 17. Bg5 Kh8 18. Qh4 Be7 19. Bh5 Nxh5 20. Bxe7 Re8 21. Bxd6 Qxd6 22. Qxh5 b4 23. Nd5 Bxd5 24. exd5 Qxd5 25. Rcd1 Qc5+ 26. Kh1 Nf6 27. Qxf7 Qxc2 28. Ng3 Qxb2 29. Rd6 Rf8 30. Qc7 Qxa2 31. Rfd1 b3 32. Rb6 Rxb6 33. Qxb6 b2 34. h3 Qa1 35. Rg1 Rc8 36. Ne2 Rc1 0-1

[Event "KSA SSS 14/15, Melnik - Hostivice"]
[Site "ChessDB.cz"]
[Date "2015.01.11"]
[Round "-"]
[White "Dbaly, Vaclav"]
[Black "Nemec, Stanislav"]
[Result "1/2-1/2"]
[WhiteElo "1705"]
[BlackElo "1938"]
1. e4 e6 2. d4 d5 3. exd5 exd5 4. Nf3 Bd6 5. Be3 Ne7 6. Bd3 Nbc6 7. h3 Be6 8. c3 f6 9. Nbd2 Qd7 10. Qc2 O-O-O 11. O-O-O Bf5 12. Nb3 Bxd3 13. Qxd3 Qf5 14. Qb5 a6 15. Qa4 Rhe8 16. Nc5 Qg6 17. Nd2 Nf5 18. Nxa6 Nxe3 19. fxe3 Rxe3 20. Nc5 Bxc5 21. dxc5 Kb8 22. Qf4 Re2 23. g4 Ne5 24. Qf5 Nd3+ 25. Kc2 Nxc5 26. Rde1 Rde8 27. Kd1 Rxe1+ 28. Rxe1 Rxe1+ 29. Kxe1 Nd3+ 30. Ke2 Qxf5 31. gxf5 Nf4+ 32. Ke3 Nxh3 33. Nf3 c5 34. b4 b6 35. a4 Kc7 36. Nh4 Ng5 37. Kd3 Ne4 38. Ng2 Nd6 39. Ne3 Kc6 40. b5+ Kb7 41. Nxd5 Nxf5 42. Nf4 Nd6 43. Nh5 Ne8 44. Ke4 g6 45. Nf4 f5+ 46. Ke5 Kc7 47. Ne6+ Kd7 48. Nf8+ Kc7 49. Nxh7 Nd6 50. Nf8 Nc4+ 51. Kd5 Ne3+ 52. Ke5 Nd1 53. Nxg6 Nxc3 54. Kxf5 Kd6 55. Nf4 Nxa4 56. Ke4 Nc3+ 57. Kd3 Nxb5 58. Kc4 Nd4 59. Nd3 b5+ 60. Kc3 Kd5 61. Nf4+ Ke4 62. Nd3 Ne2+ 63. Kd2 c4 64. Nb4 Nf4 65. Na2 Nd5 66. Kc2 b4 67. Nc1 b3+ 68. Nxb3 cxb3+ 69. Kxb3 1/2-1/2

[Event "KSA SSS 14/15 Hostivice A-Revnice A"]
[Site "ChessDB.cz"]
[Date "2014.12.14"]
[Round "-"]
[White "Havelka, Jiri"]
[Black "Dbaly, Vaclav"]
[Result "0-1"]
[WhiteElo "1593"]
[BlackElo "1705"]
1. e4 e5 2. Nf3 Nc6 3. Bb5 a6 4. Ba4 d6 5. h3 Be7 6. c3 Nf6 7. d3 h6 8. Nbd2 b5 9. Bc2 Bd7 10. O-O O-O 11. Re1 Nh7 12. Nf1 Ng5 13. Ng3 Bf6 14. Nh5 g6 15. Nxf6+ Qxf6 16. Nxg5 hxg5 17. Re3 g4 18. Rg3 Kg7 19. hxg4 Rh8 20. f3 Rh7 21. Rh3 Rah8 22. Rxh7+ Rxh7 23. g5 Qd8 24. Be3 Qh8 25. Kf2 Rh2 26. Qg1 Qh4+ 27. Ke2 Qg3 28. Bf2 Rxg2 29. Qf1 Qxg5 30. Rd1 Bh3 31. Rd2 Rh2 32. Qe1 Qg2 33. Ke3 Rh1 34. Qe2 Qg5+ 0-1

[Event "KSA SSS 14/15 Ricany E - Hostivice"]
[Site "ChessDB.cz"]
[Date "2014.11.02"]
[Round "-"]
[White "Dbaly, Vaclav"]
[Black "Vorackova, Jarmila"]
[Result "1-0"]
[WhiteElo "1705"]
[BlackElo "1933"]
1. e4 c6 2. d4 d5 3. exd5 cxd5 4. Nf3 Nc6 5. c3 Bg4 6. Be2 Bxf3 7. Bxf3 e6 8. O-O Nf6 9. Re1 Be7 10. Nd2 b5 11. a3 O-O 12. Nf1 a5 13. Be3 Qc7 14. Qd3 b4 15. cxb4 axb4 16. a4 Na5 17. Rec1 Qb7 18. b3 Rfc8 19. Nd2 Rc3 20. Qb1 Rac8 21. Qb2 R8c7 22. Bd1 Qc8 23. Nf3 Ne4 24. Rab1 Rxc1 25. Rxc1 Nc3 26. Bf4 Rc6 27. Ne5 Rb6 28. Nd3 Nc6 29. Be3 Qa6 30. Qc2 Bf6 31. Nxb4 Nxb4 32. Qxc3 h6 33. Qc8+ Qxc8 34. Rxc8+ Kh7 35. Kf1 Nc6 36. Rc7 Kg8 37. Rc8+ Kh7 38. Ra8 Bxd4 39. a5 Rb5 40. Bxd4 Nxd4 41. a6 Nc6 42. Ke1 Kg6 43. Kd2 Kf6 44. Kc3 Ke7 45. Be2 Rc5+ 46. Kb2 Ra5 47. Rc8 Kd7 48. Ra8 Ke7 49. Rg8 Nd8 50. b4 Ra4 51. Kb3 Ra1 52. b5 Rb1+ 53. Kc2 Ra1 54. b6 1-0

[Event "KSA SSS 13/14, Bustehrad A- Hostivice A"]
[Site "ChessDB.cz"]
[Date "2014.03.02"]
[Round "-"]
[White "Dbaly, Vaclav"]
[Black "Nova, Michaela"]
[Result "1-0"]
[WhiteElo "1693"]
[BlackElo "1572"]
1. e4 c5 2. Nf3 e6 3. d4 cxd4 4. Nxd4 a6 5. Nc3 Qc7 6. Bd3 Nf6 7. h3 Bb4 8. Bd2 Nc6 9. Nxc6 bxc6 10. O-O d5 11. exd5 exd5 12. Qe2+ Be6 13. Nb5 axb5 14. Bxb4 O-O-O 15. Qe1 Rde8 16. Qc3 Ne4 17. Bxe4 dxe4 18. a4 g5 19. Ba5 Qb7 20. axb5 Qxb5 21. Bb4 Kb7 22. Ra5 Qc4 23. Qa3 Ra8 24. Ra1 Rxa5 25. Qxa5 Qb5 26. Qa7+ Kc8 27. Qd4 1-0

[Event "KSA SSS 13/14, Hostivice - Libcice"]
[Site "ChessDB.cz"]
[Date "2014.02.16"]
[Round "-"]
[White "Havlik, Josef"]
[Black "Dbaly, Vaclav"]
[Result "1-0"]
[WhiteElo "1647"]
[BlackElo "1800"]
1. e4 e5 2. f4 exf4 3. Nf3 Nc6 4. d4 d6 5. Bxf4 h6 6. Bb5 Bd7 7. O-O g5 8. Bg3 Bg7 9. c3 Qe7 10. Nbd2 O-O-O 11. Qc2 h5 12. h3 Nh6 13. Rae1 h4 14. Bh2 Rde8 15. Bxc6 Bxc6 16. e5 d5 17. Nb3 g4 18. hxg4 Nxg4 19. Nc5 Nxh2 20. Nxh2 Kb8 21. Qf5 Rhf8 22. Rf3 b6 23. Na6+ Kb7 24. Nb4 Bd7 25. Qh7 Qg5 26. Qd3 a5 27. Nxd5 Bc6 28. c4 Re6 29. Rf5 Qd8 30. Nf4 Rh6 31. Ng4 Bd7 32. Nxh6 Bxh6 33. Qe4+ Kb8 34. Rh5 Bxf4 35. Qxf4 h3 36. gxh3 Rg8+ 37. Kh2 Qe8 38. d5 Bc8 39. Rg1 Rxg1 40. Kxg1 Qg8+ 41. Qg5 Qf8 42. b3 Qc5+ 43. Kg2 Qd4 44. Qg3 Qe4+ 45. Qf3 Qc2+ 46. Kg3 Qg6+ 47. Kh4 Ka7 48. Qf4 Qg2 49. Qxf7 Qxh3+ 50. Kg5 Qg4+ 51. Kh6 Kb7 52. e6 Qd4 53. Kh7 Qe4+ 54. Qg6 Qd4 55. Rf5 Qh4+ 56. Kg7 Qd4+ 1-0

[Event "KSA SSS 13/14 Hostivice A-Ricany D"]
[Site "ChessDB.cz"]
[Date "2014.01.19"]
[Round "-"]
[White "Kosata, Frantisek"]
[Black "Dbaly, Vaclav"]
[Result "1-0"]
[WhiteElo "1782"]
[BlackElo "1800"]
1. f4 d5 2. Nf3 Nf6 3. e3 Nc6 4. b3 e5 5. fxe5 Ng4 6. Bb2 Qe7 7. Bb5 Bd7 8. Bxc6 Bxc6 9. O-O O-O-O 10. h3 Nh6 11. a4 Rg8 12. Ba3 Qd7 13. Bxf8 Rdxf8 14. Nd4 Qe8 15. Nxc6 Qxc6 16. Na3 Re8 17. Qh5 Re6 18. Rf2 Rge8 19. Nb5 Qb6 20. d4 a6 21. Nc3 Qc6 22. Nd1 Rg6 23. Rc1 Ree6 24. c4 Qd7 25. Qf3 Rc6 26. Rfc2 Nf5 27. Qxd5 Qxd5 28. cxd5 Rxc2 29. Rxc2 Kd7 30. Kh2 Ng3 31. Rf2 Ke7 32. Rf3 Ne4 33. b4 Rb6 34. Rf4 Nd2 35. Rf2 Nc4 36. b5 axb5 37. axb5 Rxb5 38. Rc2 Rb4 39. Rc3 Kd7 40. Nf2 b5 41. Ne4 h6 42. Nc5+ Kc8 43. Kg3 Rb2 44. e6 fxe6 45. dxe6 c6 46. e7 Nd6 47. e4 Kc7 48. Ra3 Rd2 49. Ra7+ Kb6 50. Rd7 Rxd4 51. Rxd6 Rxd6 52. e8=Q 1-0

[Event "KSA SSS 13/14, Hostivice - Uholicky B"]
[Site "ChessDB.cz"]
[Date "2013.12.01"]
[Round "-"]
[White "Dbaly, Vaclav"]
[Black "Sedlak, Ludek"]
[Result "0-1"]
[WhiteElo "1693"]
[BlackElo "1905"]
1. e4 e5 2. Nf3 Nf6 3. Nc3 Nc6 4. d4 exd4 5. Nxd4 Bb4 6. Nxc6 bxc6 7. Bd3 d5 8. Bg5 h6 9. Bh4 dxe4 10. Be2 Qxd1+ 11. Rxd1 O-O 12. O-O g5 13. Bg3 Bxc3 14. bxc3 Nd5 15. Be5 Re8 16. Bd4 c5 17. Bxc5 Nxc3 18. Rd2 Nxe2+ 19. Rxe2 Ba6 20. Re3 Bxf1 21. Kxf1 f5 22. g3 Kf7 23. Rc3 Red8 24. Be3 Rd7 25. Rc5 Kg6 26. Rc6+ Kg7 27. c3 Rf7 28. Bd4+ Kh7 29. Re6 a5 30. Ke2 a4 31. a3 Ra5 32. Re8 c5 33. Rh8+ Kg6 34. Rg8+ Kh5 35. Be5 Kg4 36. Rg6 Rh7 37. h4 Rb5 38. Bf4 Rb2+ 39. Ke1 Kf3 40. Be5 Rhb7 41. c4 Re2+ 0-1

[Event "KSA SSS 13/14, Merkur Hostivice"]
[Site "ChessDB.cz"]
[Date "2013.11.17"]
[Round "-"]
[White "Dbaly, Vaclav"]
[Black "Krejcik, Miroslav"]
[Result "1-0"]
[WhiteElo "1511"]
[BlackElo "1816"]
1. e4 d5 2. exd5 Qxd5 3. d4 Nf6 4. c4 Qd8 5. Nc3 Bg4 6. Be2 Bxe2 7. Ngxe2 e6 8. O-O g6 9. Bf4 c6 10. Qb3 Qb6 11. Qxb6 axb6 12. a4 Nbd7 13. Rfd1 Nh5 14. Be3 Be7 15. d5 Bc5 16. dxe6 fxe6 17. Nd4 Ke7 18. Nc2 Bxe3 19. Nxe3 Ne5 20. Ne4 Rhd8 21. c5 Rxd1+ 22. Nxd1 bxc5 23. Nxc5 b6 24. Ne4 Nf4 25. b3 Rd8 26. Ndc3 Nd5 27. Rd1 Nd7 28. g3 Nxc3 29. Nxc3 Nc5 30. Rxd8 Kxd8 31. b4 Nd3 32. b5 Kd7 33. Kf1 Ne5 34. Ke2 c5 35. f4 Ng4 36. h3 Nf6 37. Kd3 Nh5 38. Ne4 h6 39. Kc4 Ng7 40. g4 h5 41. a5 bxa5 42. Kxc5 hxg4 43. hxg4 Ne8 44. Nc3 Nd6 45. b6 Nb7+ 46. Kb5 Kd6 47. g5 e5 48. f5 gxf5 49. g6 Ke6 50. Kc6 Nd6 1-0

[Event "KSA SSS 12/13, Kolesovice - Hostivice"]
[Site "ChessDB.cz"]
[Date "2013.01.20"]
[Round "-"]
[White "Hejda, Vaclav"]
[Black "Dbaly, Vaclav"]
[Result "1-0"]
[WhiteElo "1802"]
[BlackElo "1685"]
1. e4 e5 2. Nf3 d6 3. Nc3 f5 4. d4 fxe4 5. Nxe4 d5 6. Nc3 e4 7. Ne5 Nf6 8. Bg5 h5 9. Be2 Bg4 10. f3 exf3 11. Bxf3 Bxf3 12. Qxf3 Be7 13. Ng6 Rh7 14. O-O-O Nc6 15. Rhe1 Qd7 16. Qd3 O-O-O 17. Nxe7+ Nxe7 18. Bxf6 g6 19. Bxe7 Rxe7 20. Rxe7 Qxe7 21. Qxg6 h4 22. h3 c6 23. Qf5+ Rd7 24. Qe5 Qh7 25. Re1 Qh6+ 26. Qe3 Qh7 27. Kd2 b6 28. Nd1 Kb7 29. Nf2 Rg7 30. Ng4 Rf7 31. Re2 Qg7 32. Qe5 Qh7 33. Qe6 Qg7 34. Kc3 Rc7 35. Nf6 Qg3+ 36. Qe3 Qg6 37. Qe5 Ka6 38. Qxc7 1-0

[Event "KSA SSS 12/13 Odolena Voda - Hostivice"]
[Site "ChessDB.cz"]
[Date "2012.12.16"]
[Round "-"]
[White "Dbaly, Vaclav"]
[Black "Cech, Zlatko"]
[Result "1-0"]
[WhiteElo "1685"]
[BlackElo "1618"]
1. e4 d5 2. exd5 Qxd5 3. Nc3 Qa5 4. d4 c6 5. h3 Nf6 6. Bd3 Bf5 7. Ne2 Nbd7 8. b4 Qxb4 9. Bxf5 e6 10. Bd3 Qa5 11. Rb1 Bb4 12. Bd2 O-O 13. O-O Bxc3 14. Nxc3 Qc7 15. Qf3 Rad8 16. Ne4 Nxe4 17. Qxe4 Nf6 18. Qh4 Qe7 19. Bb4 Qd7 20. Bxf8 Rxf8 21. Rfe1 Rd8 22. Re3 b6 23. Rd1 Kh8 24. Rf3 Qxd4 25. Rf4 Qe5 26. Rxf6 Qxf6 1-0

[Event "KSA SSS 12/13, Bustehrad-Hostivice"]
[Site "ChessDB.cz"]
[Date "2012.10.14"]
[Round "-"]
[White "Dbaly, Vaclav"]
[Black "Safr, Jan"]
[Result "0-1"]
[WhiteElo "1685"]
[BlackElo "1790"]
1. e4 c5 2. Nc3 Nc6 3. f4 a6 4. Nf3 e6 5. g3 d5 6. d3 dxe4 7. Nxe4 Be7 8. Bg2 Nf6 9. O-O O-O 10. h3 h6 11. Be3 Nd5 12. Bf2 b6 13. Qd2 Bb7 14. Rae1 Qc7 15. Ne5 Rad8 16. a3 Nf6 17. g4 Nxe4 18. Bxe4 Nd4 19. Bxd4 Rxd4 20. Qg2 Bxe4 21. Rxe4 Bf6 22. Rfe1 Rfd8 23. Qf2 b5 24. Rxd4 Rxd4 25. b4 g5 26. bxc5 Rxf4 27. Qe3 Ra4 28. c6 Bxe5 29. Qxe5 Qxc6 30. Rf1 Qb6+ 31. Kh2 Rd4 32. Qf6 Qc7+ 33. Kh1 Rf4 34. Rxf4 Qxf4 35. Qxh6 Qc1+ 36. Kh2 Qxc2+ 37. Kh1 Qd1+ 38. Kg2 Qe2+ 39. Kg1 Qe5 40. Qh5 Qg3+ 41. Kh1 Qh4 0-1

[Event "KSA SSS 11/12, Hostivice - Odolena Voda"]
[Site "ChessDB.cz"]
[Date "2012.03.04"]
[Round "-"]
[White "Dbaly, Vaclav"]
[Black "Kocourek, Milos"]
[Result "1/2-1/2"]
[WhiteElo "1816"]
[BlackElo "1000"]
1. e4 c5 2. Nf3 Nc6 3. d4 cxd4 4. Nxd4 d6 5. Nc3 g6 6. Be3 Bg7 7. Bc4 Nf6 8. O-O Bd7 9. f3 a6 10. a3 O-O 11. Nxc6 bxc6 12. Qd2 Qc7 13. Rad1 a5 14. Bh6 Qb6+ 15. Qe3 Qxe3+ 16. Bxe3 Rab8 17. Bb3 c5 18. Bc1 Rfe8 19. Bc4 a4 1/2-1/2

[Event "KSA SSS 11/12, Kladno B - Hostivice A"]
[Site "ChessDB.cz"]
[Date "2012.02.19"]
[Round "-"]
[White "Dbaly, Vaclav"]
[Black "Hochman, Jan"]
[Result "1/2-1/2"]
[WhiteElo "2008"]
[BlackElo "1646"]
1. e4 c6 2. d4 d5 3. exd5 cxd5 4. Nf3 Nc6 5. c3 Nf6 6. Bb5 Bf5 7. O-O e6 8. Ne5 Qb6 9. Ba4 Bd6 10. Qe2 O-O 11. Bxc6 bxc6 12. b3 c5 13. Bg5 Bxe5 14. dxe5 Ne4 15. Be3 d4 16. f3 Nxc3 17. Nxc3 dxc3 18. Qc4 Qb4 19. Qxc5 Qxc5 20. Bxc5 Rfd8 21. Bd6 Rac8 22. Rac1 c2 23. Rf2 Rc3 24. Rd2 f6 25. f4 fxe5 26. fxe5 Re3 27. Rf2 Rc8 28. h3 Rd3 29. Rff1 Rd2 30. Bb4 Re2 31. Bd6 Rc3 32. Ba3 h6 33. Rf2 Rxf2 1/2-1/2

[Event "KSA SSS 11/12, Kralupy B - Hostivice"]
[Site "ChessDB.cz"]
[Date "2012.01.22"]
[Round "-"]
[White "Dbaly, Vaclav"]
[Black "Sperlich, Antonin"]
[Result "1-0"]
[WhiteElo "1646"]
[BlackElo "1694"]
1. e4 1. .. c5 2. Nf3 Nc6 3. d4 cxd4 4. Nxd4 g6 5. Nc3 Bg7 6. Be3 Nf6 7. Qd2 Ng4 8. Nxc6 bxc6 9. Bd4 e5 10. Bc5 Bh6 11. Qd3 Qa5 12. b4 Qd8 13. f3 Nf6 14. Rd1 a5 15. Qd6 Bf8 16. Qxe5+ Be7 17. Bd6 Ra7 18. b5 Kf8 19. Qxf6 1-0

[Event "KSA SSS 11/12, Hostivice - Dobrovice A"]
[Site "ChessDB.cz"]
[Date "2012.01.08"]
[Round "-"]
[White "Dbaly, Vaclav"]
[Black "Skokan, Frantisek"]
[Result "0-1"]
[WhiteElo "1646"]
[BlackElo "1920"]
1. e4 c5 2. Nf3 d6 3. d4 cxd4 4. Nxd4 Nf6 5. Nc3 a6 6. h3 e6 7. Be2 Be7 8. O-O O-O 9. Be3 Nbd7 10. Qd2 Qc7 11. Rad1 b5 12. a3 Bb7 13. f3 Rac8 14. Bxb5 axb5 15. Ndxb5 Qc4 16. Nxd6 Bxd6 17. Qxd6 Rc6 18. Rd4 Rxd6 19. Rxc4 Ba6 20. Rc7 Bxf1 21. Kxf1 Rb8 22. b4 Ne8 23. Ra7 h6 24. Ke1 g5 25. Na4 Ne5 26. Nc5 Nc4 27. Bf2 Rbd8 28. Nd3 R6d7 29. Rxd7 Rxd7 30. a4 Nc7 31. a5 e5 32. Bb6 Ne6 33. Nc5 Rd2 34. Nxe6 fxe6 35. Bc5 Rxc2 36. a6 Ra2 37. a7 Kf7 38. b5 Ke8 39. b6 Nxb6 40. Bxb6 Kd7 41. Bc5 Kc6 42. Bf8 Kb7 43. g4 Rh2 44. Kf1 Rxh3 45. Kg2 Rh4 46. Bc5 h5 47. Bf2 hxg4 48. Bxh4 gxf3+ 49. Kxf3 gxh4 50. Kg4 Kxa7 51. Kxh4 Kb6 52. Kg5 Kc5 53. Kg4 Kd4 54. Kf3 Kd3 55. Kf2 Kxe4 56. Ke2 Kf4 57. Kd3 e4+ 0-1

[Event "KSA SSS 11/12, Hostivice-Kolesovice"]
[Site "ChessDB.cz"]
[Date "2011.10.10"]
[Round "-"]
[White "Dbaly, Vaclav"]
[Black "Spilka, Jaroslav"]
[Result "1-0"]
[WhiteElo "1816"]
[BlackElo "1853"]
1. e4 Nf6 2. e5 Nd5 3. d4 d6 4. Nf3 Bg4 5. Bc4 e6 6. h3 Bxf3 7. Qxf3 dxe5 8. dxe5 Bc5 9. O-O O-O 10. Nd2 Nc6 11. Qg3 Be7 12. Nf3 Kh8 13. Ng5 h6 14. Nxf7+ Rxf7 15. Qg6 Nxe5 16. Qxe6 Nxc4 17. Qxf7 Qd6 18. Qh5 Nf6 19. Qe2 Nb6 20. Rd1 Qc5 21. Be3 Qc4 22. Rd3 Re8 23. b3 Qf7 24. c4 Bc5 25. Rad1 Bxe3 26. fxe3 Nbd7 27. Qd2 Nc5 28. Rd8 Rxd8 29. Qxd8+ Kh7 30. Qd4 b6 31. Rf1 Qe7 32. a3 Qe4 33. b4 Qxd4 34. exd4 Ncd7 35. c5 b5 36. Re1 Nf8 37. Re7 Nd5 38. Re8 Kg8 39. Rd8 Nc3 40. d5 Kf7 41. d6 cxd6 42. Rxd6 Ke7 43. Ra6 Ne6 44. Rxa7+ Kd8 45. Kf2 Nd5 46. Kf3 Ndc7 47. Ke4 Kc8 48. a4 bxa4 49. Rxa4 Kb7 50. Ke5 Kc6 51. Ra7 Kd7 52. b5 1-0

[Event "KSA SSS10/11, Hostivice A-Sokol MB B"]
[Site "ChessDB.cz"]
[Date "2011.04.10"]
[Round "-"]
[White "Jirounek, Miroslav"]
[Black "Dbaly, Vaclav"]
[Result "1/2-1/2"]
[WhiteElo "1689"]
[BlackElo "1825"]
1. e4 d6 2. d4 Nf6 3. Nc3 g6 4. Bc4 Bg7 5. Nge2 c6 6. O-O O-O 7. a4 Nbd7 8. f3 e5 9. d5 c5 10. Ng3 Ne8 11. Bd3 a6 12. Nce2 Nc7 13. c4 Rb8 14. Nc3 Qe7 15. Be3 a5 16. Nb5 Na6 17. Bd2 Nb4 18. Bb1 Nb6 19. Qc1 Bd7 20. b3 Nc8 21. Bh6 b6 22. Bxg7 Kxg7 23. f4 f6 24. f5 Bxb5 25. axb5 Qf7 26. Bc2 Nxc2 27. Qxc2 Rh8 28. h4 Ne7 29. Qe2 Rbg8 30. Rf3 Kf8 31. Raf1 g5 32. h5 g4 33. Rd3 Qg7 34. Qe3 Qg5 35. Qxg5 Rxg5 36. Kf2 Ng8 37. Rh1 Nh6 38. Ne2 Ke7 39. Nc3 Kd7 1/2-1/2

[Event "KSA SSS 10/11, B-Hostivice"]
[Site "ChessDB.cz"]
[Date "2011.02.20"]
[Round "-"]
[White "Dbaly, Vaclav"]
[Black "Vesely, Jiri"]
[Result "0-1"]
[WhiteElo "1637"]
[BlackElo "1534"]
1. e4 c5 2. Nf3 d6 3. d4 cxd4 4. Nxd4 Nf6 5. Nc3 g6 6. Be2 Bg7 7. Be3 Nc6 8. Qd2 O-O 9. O-O-O Re8 10. Nxc6 bxc6 11. e5 Ng4 12. Bxg4 Bxg4 13. f3 Be6 14. exd6 exd6 15. Bd4 Bf8 16. Qf4 Be7 17. h4 Qa5 18. Rhe1 Qf5 19. Qxf5 Bxf5 20. g4 Be6 21. h5 c5 22. Be3 f5 23. hxg6 hxg6 24. g5 Kf7 25. a3 a6 26. Rh1 Rh8 27. f4 Rh5 28. Rhe1 Rd8 29. Na4 Bd7 30. Nb6 Bc6 31. Rd2 d5 32. Red1 d4 33. Bg1 Bd6 34. Rf1 Rh1 35. Rdf2 Bb5 36. Rd1 Bc7 37. a4 Bxb6 38. axb5 axb5 39. Bh2 Rxd1+ 40. Kxd1 c4 41. Bg3 d3 42. Rf3 dxc2+ 43. Kxc2 Ke6 44. Be1 Kd5 45. Rh3 Ke4 46. Bd2 Bd4 47. Ra3 Rb8 48. Ra6 Rb6 49. Ra8 b4 50. Re8+ Kf3 51. Bc1 b3+ 52. Kd2 Rd6 53. Re1 Bf2+ 0-1

[Event "KSA SSS 10/11, Hostivice A-Kralupy B"]
[Site "ChessDB.cz"]
[Date "2011.02.06"]
[Round "-"]
[White "Benda, Martin"]
[Black "Dbaly, Vaclav"]
[Result "1-0"]
[WhiteElo "1000"]
[BlackElo "1825"]
1. e4 d6 2. Bc4 Nf6 3. Nc3 c6 4. d4 Nxe4 5. Bxf7+ Kxf7 6. Nxe4 Nd7 7. g4 Ke8 8. Qe2 Nf6 9. Nxf6+ gxf6 10. g5 fxg5 11. Qh5+ Kd7 12. Qxg5 Qe8 13. Be3 Qf7 14. Qf4 Qxf4 15. Bxf4 Bg7 16. O-O-O Rf8 17. Bg3 Kc7 18. h4 Be6 19. Nh3 Bd5 20. Rhe1 Rae8 21. Ng5 h6 22. Ne6+ Bxe6 23. Rxe6 Kd7 24. Rg6 Rf7 25. c3 d5 26. Re1 h5 27. Kc2 Bf6 28. Re3 Rh8 29. Rf3 Rg7 30. Rfxf6 Rgh7 31. Re6 Rf8 32. Kd3 Rf3+ 33. Ke2 Rhf7 34. Re5 R7f5 35. Rxf5 Rxf5 36. Rg5 Rxg5 37. hxg5 Ke6 38. f4 Kf5 39. Kf3 e6 40. Kg2 Kg6 41. Kh3 Kf5 42. Kh4 Kg6 43. Bh2 a6 44. b4 b6 45. a3 b5 46. Bg3 1-0

[Event "KSA SSS 10/11, Kladno B - Hostivice A"]
[Site "ChessDB.cz"]
[Date "2011.01.23"]
[Round "-"]
[White "Dbaly, Vaclav"]
[Black "Cerny, Michal"]
[Result "1/2-1/2"]
[WhiteElo "1637"]
[BlackElo "1947"]
1. e4 c5 2. Nf3 d6 3. d4 cxd4 4. Nxd4 Nf6 5. Nc3 a6 6. Be3 e5 7. Nf3 b5 8. a3 Nbd7 9. Qd3 Nb6 10. Nxe5 Be6 11. Nc6 Qc7 12. Nd4 Bc4 13. Qd1 Bxf1 14. Kxf1 Nc4 15. Bc1 Be7 16. Nf5 O-O 17. Qd4 Qa7 18. Nxe7+ Qxe7 19. Bg5 Qe6 20. b3 Ne5 21. Bxf6 Qxf6 22. Nd5 Qd8 23. Rd1 f5 24. Ke2 Rc8 25. c3 Nc6 26. Qb6 Qh4 27. Qe3 Rce8 28. Kd2 Rxe4 29. Qg3 Qh6+ 30. f4 Qe6 31. Kc1 Re2 32. Rhe1 Nd4 33. cxd4 Rxe1 34. Qxe1 Qxd5 35. Qg3 Qe4 36. Rd3 Rc8+ 37. Kd2 Re8 38. Qf2 a5 39. d5 a4 40. b4 Qc4 41. Qf3 Re4 42. g3 Qa2+ 43. Kd1 Qb1+ 44. Kd2 Qb2+ 45. Kd1 Qxh2 46. Re3 Qg1+ 47. Kd2 Rxe3 48. Qxe3 Qxe3+ 49. Kxe3 Kf7 50. Kf3 h6 51. Kg2 g5 52. Kh3 Kg6 53. Kg2 h5 54. Kh3 Kh6 55. Kg2 h4 56. gxh4 1/2-1/2